<?xml version="1.0" encoding="UTF-8"?>
<record
    xmlns:xsi="http://www.w3.org/2001/XMLSchema-instance"
    xsi:schemaLocation="http://www.loc.gov/MARC21/slim http://www.loc.gov/standards/marcxml/schema/MARC21slim.xsd"
    xmlns="http://www.loc.gov/MARC21/slim">

  <leader>03576njm a2200589Ia 4500</leader>
  <controlfield tag="001">40500</controlfield>
  <controlfield tag="003">IT-RoPAU</controlfield>
  <controlfield tag="005">20220918181138.0</controlfield>
  <controlfield tag="008">131025s9999    xx            000 0 und d</controlfield>
  <datafield tag="040" ind1=" " ind2=" ">
    <subfield code="a">IT-RoPAU</subfield>
  </datafield>
  <datafield tag="040" ind1=" " ind2=" ">
    <subfield code="c">IT-RoPAU</subfield>
  </datafield>
  <datafield tag="041" ind1=" " ind2=" ">
    <subfield code="a">INGLESE</subfield>
  </datafield>
  <datafield tag="999" ind1=" " ind2=" ">
    <subfield code="c">101073</subfield>
    <subfield code="d">101073</subfield>
  </datafield>
  <datafield tag="999" ind1=" " ind2=" ">
    <subfield code="b">n.d.</subfield>
  </datafield>
  <datafield tag="100" ind1=" " ind2=" ">
    <subfield code="a">AA.VV.</subfield>
    <subfield code="9">794</subfield>
  </datafield>
  <datafield tag="100" ind1=" " ind2=" ">
    <subfield code="e">Autore musica</subfield>
    <subfield code="9">22029</subfield>
  </datafield>
  <datafield tag="100" ind1=" " ind2=" ">
    <subfield code="g">Codice autore musica SPICS: 12000</subfield>
    <subfield code="9">796</subfield>
  </datafield>
  <datafield tag="245" ind1=" " ind2=" ">
    <subfield code="a">Jazz. Gli uomini, gli strumenti, gli stili 94</subfield>
  </datafield>
  <datafield tag="250" ind1=" " ind2=" ">
    <subfield code="a">2a ed.</subfield>
  </datafield>
  <datafield tag="260" ind1=" " ind2=" ">
    <subfield code="a">MILANO</subfield>
  </datafield>
  <datafield tag="260" ind1=" " ind2=" ">
    <subfield code="b">FRATELLI FABBRI EDITORI</subfield>
    <subfield code="c">1987 [1a Ed.:]</subfield>
  </datafield>
  <datafield tag="300" ind1=" " ind2=" ">
    <subfield code="a">MUSICASSETTA</subfield>
  </datafield>
  <datafield tag="300" ind1=" " ind2=" ">
    <subfield code="c">48 minuti (Testo:  pag.)</subfield>
  </datafield>
  <datafield tag="500" ind1=" " ind2=" ">
    <subfield code="a">Musica jazz</subfield>
  </datafield>
  <datafield tag="505" ind1=" " ind2=" ">
    <subfield code="a">Nobody Knows the Way I Feel This Morning [(1963) (9:00)] - You're A Sweetheart [(1962) (3:00)] - I Left My Heart In San Francisco [(1963) (3:00)] - Miss You [(1963) (4:00)] - I Didn't Know About You [(1963) (4:00)] - How Long How Long Blues [(1963) (5:00)] - Coquette [(1962) (3:00)] - Make Someone Happy [(1962) (4:00)] - That's My Desire [(1962) (3:00)] - For All We Know [(1962) (4:00)] - That Old Feeling [(1962) (3:00)]</subfield>
  </datafield>
  <datafield tag="511" ind1=" " ind2=" ">
    <subfield code="a">Washington Dinah: voc, accompagnata da una sezione ritmica non conosciuta</subfield>
  </datafield>
  <datafield tag="511" ind1=" " ind2=" ">
    <subfield code="a">Washington Dinah: voc, accompagnata da un'orchestra diretta da Don Costa</subfield>
  </datafield>
  <datafield tag="511" ind1=" " ind2=" ">
    <subfield code="a">Washington Dinah: voc. accompagnata da un'orchestra diretta da Fred Norman</subfield>
  </datafield>
  <datafield tag="511" ind1=" " ind2=" ">
    <subfield code="a">Washington Dinah: voc, accompagnata da un organico non noto</subfield>
  </datafield>
  <datafield tag="650" ind1=" " ind2=" ">
    <subfield code="a">JAZZ [CASSETTE]</subfield>
    <subfield code="e">Codice MATERIA SPICS: 9951</subfield>
    <subfield code="9">1831</subfield>
  </datafield>
  <datafield tag="700" ind1=" " ind2=" ">
    <subfield code="a">Washington Dinah</subfield>
    <subfield code="g">Codice interprete SPICS: 17454</subfield>
    <subfield code="e">Interprete</subfield>
    <subfield code="9">22030</subfield>
  </datafield>
  <datafield tag="700" ind1=" " ind2=" ">
    <subfield code="a">Deleney</subfield>
    <subfield code="g">Codice autore musica SPICS: 22818</subfield>
    <subfield code="e">Autore musica</subfield>
    <subfield code="p">Nobody Knows the Way I Feel This Morning</subfield>
    <subfield code="9">22031</subfield>
  </datafield>
  <datafield tag="700" ind1=" " ind2=" ">
    <subfield code="a">McHugh Jimmy</subfield>
    <subfield code="g">Codice autore musica SPICS: 16297</subfield>
    <subfield code="e">Autore musica</subfield>
    <subfield code="p">You're A Sweetheart</subfield>
    <subfield code="9">22032</subfield>
  </datafield>
  <datafield tag="700" ind1=" " ind2=" ">
    <subfield code="a">Adamson</subfield>
    <subfield code="g">Codice autore SPICS: 20472</subfield>
    <subfield code="e">Autore</subfield>
    <subfield code="p">You're A Sweetheart</subfield>
    <subfield code="9">22033</subfield>
  </datafield>
  <datafield tag="700" ind1=" " ind2=" ">
    <subfield code="a">Cory</subfield>
    <subfield code="g">Codice autore musica SPICS: 7776</subfield>
    <subfield code="e">Autore musica</subfield>
    <subfield code="p">I Left My Heart In San Francisco</subfield>
    <subfield code="9">22034</subfield>
  </datafield>
  <datafield tag="700" ind1=" " ind2=" ">
    <subfield code="a">Cross Lowell</subfield>
    <subfield code="g">Codice autore SPICS: 7682</subfield>
    <subfield code="e">Autore</subfield>
    <subfield code="p">I Left My Heart In San Francisco</subfield>
    <subfield code="9">22035</subfield>
  </datafield>
  <datafield tag="700" ind1=" " ind2=" ">
    <subfield code="a">Thobias</subfield>
    <subfield code="g">Codice autore musica SPICS: 22819</subfield>
    <subfield code="e">Autore musica</subfield>
    <subfield code="p">Miss You</subfield>
    <subfield code="9">22036</subfield>
  </datafield>
  <datafield tag="700" ind1=" " ind2=" ">
    <subfield code="a">Ellington Duke</subfield>
    <subfield code="g">Codice autore musica SPICS: 13023</subfield>
    <subfield code="e">Autore musica</subfield>
    <subfield code="p">I Didn't Know About You</subfield>
    <subfield code="9">22037</subfield>
  </datafield>
  <datafield tag="700" ind1=" " ind2=" ">
    <subfield code="a">Russell</subfield>
    <subfield code="g">Codice autore SPICS: 16087</subfield>
    <subfield code="e">Autore</subfield>
    <subfield code="p">I Didn't Know About You</subfield>
    <subfield code="9">22038</subfield>
  </datafield>
  <datafield tag="700" ind1=" " ind2=" ">
    <subfield code="a">Carr Leroy</subfield>
    <subfield code="g">Codice autore musica SPICS: 20449</subfield>
    <subfield code="e">Autore musica</subfield>
    <subfield code="p">How Long How Long Blues</subfield>
    <subfield code="9">22039</subfield>
  </datafield>
  <datafield tag="700" ind1=" " ind2=" ">
    <subfield code="a">Cahn</subfield>
    <subfield code="g">Codice autore musica SPICS: 20244</subfield>
    <subfield code="e">Autore musica</subfield>
    <subfield code="p">Coquette</subfield>
    <subfield code="9">22040</subfield>
  </datafield>
  <datafield tag="700" ind1=" " ind2=" ">
    <subfield code="a">Green Bernie</subfield>
    <subfield code="g">Codice autore SPICS: 15839</subfield>
    <subfield code="e">Autore</subfield>
    <subfield code="p">Coquette</subfield>
    <subfield code="9">22041</subfield>
  </datafield>
  <datafield tag="700" ind1=" " ind2=" ">
    <subfield code="a">Lombardo</subfield>
    <subfield code="g">Codice autore testo/musica SPICS: 22820</subfield>
    <subfield code="e">Autore testo/musica</subfield>
    <subfield code="p">Coquette</subfield>
    <subfield code="9">22042</subfield>
  </datafield>
  <datafield tag="700" ind1=" " ind2=" ">
    <subfield code="a">Comden</subfield>
    <subfield code="g">Codice autore musica SPICS: 22821</subfield>
    <subfield code="e">Autore musica</subfield>
    <subfield code="p">Make Someone Happy</subfield>
    <subfield code="9">22043</subfield>
  </datafield>
  <datafield tag="700" ind1=" " ind2=" ">
    <subfield code="a">Styne</subfield>
    <subfield code="g">Codice autore SPICS: 22822</subfield>
    <subfield code="e">Autore</subfield>
    <subfield code="p">Make Someone Happy</subfield>
    <subfield code="9">22044</subfield>
  </datafield>
  <datafield tag="700" ind1=" " ind2=" ">
    <subfield code="a">Lovesday</subfield>
    <subfield code="g">Codice autore musica SPICS: 22823</subfield>
    <subfield code="e">Autore musica</subfield>
    <subfield code="p">That's My Desire</subfield>
    <subfield code="9">22045</subfield>
  </datafield>
  <datafield tag="700" ind1=" " ind2=" ">
    <subfield code="a">Kresa</subfield>
    <subfield code="g">Codice autore SPICS: 22824</subfield>
    <subfield code="e">Autore</subfield>
    <subfield code="p">That's My Desire</subfield>
    <subfield code="9">22046</subfield>
  </datafield>
  <datafield tag="700" ind1=" " ind2=" ">
    <subfield code="a">Lewis M.</subfield>
    <subfield code="g">Codice autore musica SPICS: 20173</subfield>
    <subfield code="e">Autore musica</subfield>
    <subfield code="p">For All We Know</subfield>
    <subfield code="9">22047</subfield>
  </datafield>
  <datafield tag="700" ind1=" " ind2=" ">
    <subfield code="a">Coots F.</subfield>
    <subfield code="g">Codice autore SPICS: 22825</subfield>
    <subfield code="e">Autore musica</subfield>
    <subfield code="p">For All We Know</subfield>
    <subfield code="9">22048</subfield>
  </datafield>
  <datafield tag="700" ind1=" " ind2=" ">
    <subfield code="a">Brown L.</subfield>
    <subfield code="g">Codice autore musica SPICS: 21800</subfield>
    <subfield code="e">Autore musica</subfield>
    <subfield code="p">That Old Feeling</subfield>
    <subfield code="9">22049</subfield>
  </datafield>
  <datafield tag="700" ind1=" " ind2=" ">
    <subfield code="a">Fain Sammy</subfield>
    <subfield code="g">Codice autore SPICS: 14147</subfield>
    <subfield code="e">Autore</subfield>
    <subfield code="p">That Old Feeling</subfield>
    <subfield code="9">22050</subfield>
  </datafield>
  <datafield tag="942" ind1=" " ind2=" ">
    <subfield code="c">MC</subfield>
    <subfield code="2">ddc</subfield>
  </datafield>
  <datafield tag="952" ind1=" " ind2=" ">
    <subfield code="0">0</subfield>
    <subfield code="1">0</subfield>
    <subfield code="4">0</subfield>
    <subfield code="6">40500_000000000000000</subfield>
    <subfield code="7">1</subfield>
    <subfield code="a">SPICS</subfield>
    <subfield code="b">SPICS</subfield>
    <subfield code="d">2013-10-25</subfield>
    <subfield code="l">0</subfield>
    <subfield code="o">40500</subfield>
    <subfield code="r">2013-10-25 00:00:00</subfield>
    <subfield code="w">2013-10-25</subfield>
    <subfield code="y">MC</subfield>
    <subfield code="z">Progr. Ins.: 14296 / N.Vol.: 1 / Copie: 1 - Copia rara: n.d. / date import: 01.01.2014 - By Epidotti, Trombetti, Vaglietti</subfield>
  </datafield>
</record>
